000 00526nam a2200181 i 4500
001 39327
003 ES-MaACL
005 20230906155940.0
007 t|
008 030227s1976 sp ||||1| spa d
100 1 _aCameron, Ian.
_934061
245 1 3 _aLa isla del fin del mundo /
_cIan Cameron ; [traducción de Mariano Orta Manzano].
250 _a[1ª ed.].
260 _aBarcelona :
_bJuventud,
_c[1976]
300 _a205 p. ;
_c20 cm.
700 1 _aOrta Manzano, Mariano.
_987384
852 _aES-MaACL
_jA-7426
_bR.96387
999 _c39327
_d39327